| 000 | 00689nam a2200229 a 4500 | ||
|---|---|---|---|
| 999 |
_c253 _d253 |
||
| 005 | 20180115110427.0 | ||
| 008 | 140220b1976 ck ||||| |||| 00| 0 spa d | ||
| 040 |
_aCO-BoIAVH _cCO-BoIAVH |
||
| 041 | _aspa | ||
| 044 | _ack | ||
| 090 |
_aIND-I- _b09 |
||
| 100 | _aTosi, Joseph A. | ||
| 245 |
_aBases ecológicas para la clasificación y levantamiento del mapa de tipos de bosques en Colombia _bprimera revisión |
||
| 260 |
_aBogotá _bInderena _bFAO _bCONIF _bPNUD _c1976 |
||
| 300 | _a49 páginas | ||
| 650 | 1 | 4 | _aBosques |
| 650 | 1 | 4 | _aCartografía |
| 650 | 1 | 4 | _aDesarrollo Industrial |
| 650 | 1 | 4 | _aForestal |
| 662 | _aColombia | ||
| 942 |
_cINFORME _2z |
||